Analysis and Design of Intelligent Systems using Soft Computing Techniques

This book comprises a selection of papers from IFSA 2007 on new methods for analysis and design of hybrid intelligent systems using soft computing techniques. Soft Computing (SC) consists of several computing paradigms, including fuzzy logic, neural networks, and genetic algorithms, which can be use...

Πλήρης περιγραφή

Λεπτομέρειες βιβλιογραφικής εγγραφής
Συγγραφή απο Οργανισμό/Αρχή: SpringerLink (Online service)
Άλλοι συγγραφείς: Melin, Patricia (Επιμελητής έκδοσης), Castillo, Oscar (Επιμελητής έκδοσης), Ramírez, Eduardo Gomez (Επιμελητής έκδοσης), Kacprzyk, Janusz (Επιμελητής έκδοσης), Pedrycz, Witold (Επιμελητής έκδοσης)
Μορφή: Ηλεκτρονική πηγή Ηλ. βιβλίο
Γλώσσα:English
Έκδοση: Berlin, Heidelberg : Springer Berlin Heidelberg, 2007.
Σειρά:Advances in Soft Computing, 41
Θέματα:
Διαθέσιμο Online:Full Text via HEAL-Link
LEADER 03440nam a22005415i 4500
001 978-3-540-72432-2
003 DE-He213
005 20151204185122.0
007 cr nn 008mamaa
008 100301s2007 gw | s |||| 0|eng d
020 |a 9783540724322  |9 978-3-540-72432-2 
024 7 |a 10.1007/978-3-540-72432-2  |2 doi 
040 |d GrThAP 
050 4 |a TA329-348 
050 4 |a TA640-643 
072 7 |a TBJ  |2 bicssc 
072 7 |a MAT003000  |2 bisacsh 
082 0 4 |a 519  |2 23 
245 1 0 |a Analysis and Design of Intelligent Systems using Soft Computing Techniques  |h [electronic resource] /  |c edited by Patricia Melin, Oscar Castillo, Eduardo Gomez Ramírez, Janusz Kacprzyk, Witold Pedrycz. 
264 1 |a Berlin, Heidelberg :  |b Springer Berlin Heidelberg,  |c 2007. 
300 |a XXI, 855 p.  |b online resource. 
336 |a text  |b txt  |2 rdacontent 
337 |a computer  |b c  |2 rdamedia 
338 |a online resource  |b cr  |2 rdacarrier 
347 |a text file  |b PDF  |2 rda 
490 1 |a Advances in Soft Computing,  |x 1615-3871 ;  |v 41 
505 0 |a Fuzzy Logic as the Logic of Natural Languages -- I: Type-2 Fuzzy Logic: Theory and Applications -- II: Fuzzy Clustering: Theory and Applications -- III: Intelligent Identification and Control -- IV: Time Series Prediction -- V: Pattern Recognition -- VI: Evolutionary Computation -- VII: Fuzzy Modeling -- VIII: Intelligent Manufacturing and Scheduling -- IX: Intelligent Agents -- X: Neural Networks Theory -- XI: Robotics -- XII: Fuzzy Logic Applications. 
520 |a This book comprises a selection of papers from IFSA 2007 on new methods for analysis and design of hybrid intelligent systems using soft computing techniques. Soft Computing (SC) consists of several computing paradigms, including fuzzy logic, neural networks, and genetic algorithms, which can be used to produce powerful hybrid intelligent systems for solving problems in pattern recognition, time series prediction, intelligent control, robotics and automation. Hybrid intelligent systems that combine several SC techniques are needed due to the complexity and high dimensionality of real-world problems. Hybrid intelligent systems can have different architectures, which have an impact on the efficiency and accuracy of these systems, for this reason it is very important to optimize architecture design. The architectures can combine, in different ways, neural networks, fuzzy logic and genetic algorithms, to achieve the ultimate goal of pattern recognition, time series prediction, intelligent control, or other application areas. 
650 0 |a Engineering. 
650 0 |a Artificial intelligence. 
650 0 |a Applied mathematics. 
650 0 |a Engineering mathematics. 
650 1 4 |a Engineering. 
650 2 4 |a Appl.Mathematics/Computational Methods of Engineering. 
650 2 4 |a Artificial Intelligence (incl. Robotics). 
650 2 4 |a Applications of Mathematics. 
700 1 |a Melin, Patricia.  |e editor. 
700 1 |a Castillo, Oscar.  |e editor. 
700 1 |a Ramírez, Eduardo Gomez.  |e editor. 
700 1 |a Kacprzyk, Janusz.  |e editor. 
700 1 |a Pedrycz, Witold.  |e editor. 
710 2 |a SpringerLink (Online service) 
773 0 |t Springer eBooks 
776 0 8 |i Printed edition:  |z 9783540724315 
830 0 |a Advances in Soft Computing,  |x 1615-3871 ;  |v 41 
856 4 0 |u http://dx.doi.org/10.1007/978-3-540-72432-2  |z Full Text via HEAL-Link 
912 |a ZDB-2-ENG 
950 |a Engineering (Springer-11647)